[Event "CAN-ch U12 Girls"]
[Site "Quebec"]
[Date "2018.07.04"]
[Round "5.96"]
[White "Qian, Jessica"]
[Black "Shen, Isamel"]
[Result "1-0"]
[WhiteElo "1257"]
[BlackElo "1490"]
[PlyCount "101"]
[EventDate "2018.07.02"]
[EventType "swiss"]
[EventRounds "7"]
[EventCountry "CAN"]
[SourceTitle "EXT 2022"]
[Source "ChessBase"]
[SourceDate "2021.10.06"]
[SourceVersion "1"]
[SourceVersionDate "2021.10.06"]
[SourceQuality "1"]

1. e4 e5 2. Nf3 Nc6 3. Bc4 Bc5 4. c3 Nf6 5. d4 Bb6 6. Bg5 d6 7. dxe5 Nxe5 8. Nxe5 dxe5 9. Qxd8+ Kxd8 10. Bxf7 h6 11. Bxf6+ gxf6 12. 0-0 Ke7 13. Bc4 Rh7 14. Kh1 Bg4 15. f3 Bh5 16. Na3 Rd8 17. Rad1 Rhh8 18. Nc2 c6 19. b4 Bg6 20. a4 a5 21. g4 Rhf8 22. Kg2 Bf7 23. Bxf7 Kxf7 24. Kg3 Ke6 25. Kh4 Kf7 26. Na1 axb4 27. cxb4 Bd4 28. Nb3 Kg6 29. Kg3 Rg8 30. Nxd4 Rxd4 31. Rxd4 exd4 32. Rd1 Rd8 33. Kf4 Rd7 34. h4 Rd8 35. e5 Rd5 36. e6 Kg7 37. Rd3 Kf8 38. Ke4 Ke7 39. Rxd4 Kxe6 40. Rxd5 cxd5+ 41. Kd4 Kd6 42. f4 Kc6 43. g5 hxg5 44. hxg5 Kd6 45. gxf6 Ke6 46. f7 Kxf7 47. Kxd5 Ke7 48. Ke5 Ke8 49. Kf6 Kf8 50. f5 b6 51. a5 1-0

[Event "CAN-ch U12 Girls"]
[Site "Sault Ste Marie"]
[Date "2017.07.07"]
[Round "4.77"]
[White "Shen, Isamel"]
[Black "Gilani, Mysha"]
[Result "1/2-1/2"]
[WhiteElo "1538"]
[BlackElo "1484"]
[PlyCount "117"]
[EventDate "2017.07.06"]
[EventType "swiss"]
[EventRounds "7"]
[EventCountry "CAN"]
[SourceTitle "EXT 2022"]
[Source "ChessBase"]
[SourceDate "2021.10.06"]
[SourceVersion "1"]
[SourceVersionDate "2021.10.06"]
[SourceQuality "1"]

1. e4 e5 2. Nf3 Nc6 3. Bb5 a6 4. Ba4 Nf6 5. 0-0 Be7 6. Re1 b5 7. Bb3 d6 8. c3 Na5 9. Bc2 c5 10. h3 0-0 11. d4 cxd4 12. cxd4 Nc6 13. Bg5 h6 14. Bh4 a5 15. a4 b4 16. Bb3 Qb6 17. d5 Nb8 18. Nbd2 Nbd7 19. Bc2 Nc5 20. Nb3 Nxb3 21. Bxb3 Ba6 22. Bc2 Rac8 23. Bd3 Bxd3 24. Qxd3 Qd8 25. Bg3 Nh5 26. Bh2 Qb6 27. Rac1 Bf6 28. Qd2 Rc7 29. Rxc7 Qxc7 30. Rc1 Qd7 31. Rc6 Rb8 32. Kh1 Bd8 33. Qc1 Bb6 34. Qc2 f6 35. Nd2 Bxf2 36. Nc4 Bc5 37. Nxa5 Qa7 38. Nc4 b3 39. Qb1 Qxa4 40. Nxd6 Bxd6 41. Rxd6 Qa7 42. Qc1 Nf4 43. Bxf4 exf4 44. Rc6 Re8 45. d6 Qa4 46. d7 Rd8 47. Rc8 Qxd7 48. Qc4+ Kh7 49. Rxd8 Qxd8 50. Qxb3 Qa5 51. Qc3 Qa7 52. b4 Qf2 53. b5 Qf1+ 54. Kh2 Qxb5 55. Qc2 Qe5 56. Kh1 Qa1+ 57. Kh2 Qe5 58. Kh1 Qa1+ 59. Kh2 1/2-1/2

[Event "CAN-ch U12 Girls"]
[Site "Sault Ste Marie"]
[Date "2017.07.07"]
[Round "3.78"]
[White "Van, Anna"]
[Black "Shen, Isamel"]
[Result "1-0"]
[WhiteElo "1720"]
[BlackElo "1538"]
[PlyCount "85"]
[EventDate "2017.07.06"]
[EventType "swiss"]
[EventRounds "7"]
[EventCountry "CAN"]
[SourceTitle "EXT 2022"]
[Source "ChessBase"]
[SourceDate "2021.10.06"]
[SourceVersion "1"]
[SourceVersionDate "2021.10.06"]
[SourceQuality "1"]

1. e4 e5 2. Nf3 Nc6 3. Bc4 Bc5 4. c3 Bb6 5. d3 Nf6 6. 0-0 h6 7. h3 0-0 8. Bb3 d6 9. Nbd2 Be6 10. Bc2 Ne7 11. Re1 Ng6 12. Nf1 Nh7 13. Ng3 Qd7 14. Bb3 Kh8 15. d4 Qc8 16. Be3 Bd7 17. Bc2 c6 18. Qd3 Bc7 19. Rad1 Nf6 20. Bb3 b6 21. Ba4 b5 22. Bb3 Qb7 23. dxe5 dxe5 24. Bc5 Rfd8 25. Qc2 Be8 26. Nf5 Bb6 27. Bxb6 Qxb6 28. Nd6 Qc7 29. Nf5 Nh7 30. c4 b4 31. c5 Nhf8 32. Qc4 a5 33. Rd6 Rd7 34. h4 Rad8 35. Red1 Ra8 36. h5 Nf4 37. Nxe5 Rdd8 38. Rxd8 Rxd8 39. Rxd8 Qxd8 40. Nxf7+ Bxf7 41. Qxf7 N8e6 42. Bxe6 Ne2+ 43. Kh2 1-0

[Event "CAN-ch U12 Girls"]
[Site "Sault Ste Marie"]
[Date "2017.07.06"]
[Round "2.77"]
[White "Shen, Isamel"]
[Black "Guo, Hazel"]
[Result "1-0"]
[WhiteElo "1538"]
[BlackElo "1388"]
[PlyCount "103"]
[EventDate "2017.07.06"]
[EventType "swiss"]
[EventRounds "7"]
[EventCountry "CAN"]
[SourceTitle "EXT 2022"]
[Source "ChessBase"]
[SourceDate "2021.10.06"]
[SourceVersion "1"]
[SourceVersionDate "2021.10.06"]
[SourceQuality "1"]

1. e4 e6 2. d4 d5 3. e5 c5 4. c3 Nc6 5. Nf3 Qb6 6. Be2 Nh6 7. Nbd2 Nf5 8. Nb3 Be7 9. 0-0 0-0 10. Be3 c4 11. Nc5 Bxc5 12. dxc5 Qxb2 13. Bd2 Qa3 14. Qc2 Qxc5 15. Rab1 Qa5 16. Rfd1 Qc7 17. Bf4 Nfe7 18. Qd2 Ng6 19. Re1 f6 20. Bg3 fxe5 21. Bd1 Qf7 22. Nxe5 Ncxe5 23. Bxe5 Qf5 24. Bc2 Qh5 25. Bg3 b6 26. Ba4 Qf5 27. Bc6 Bb7 28. Bxb7 Rad8 29. Bc6 e5 30. Bb5 e4 31. Rbd1 Qc8 32. Qg5 Qc5 33. Ba4 Qa5 34. Bc6 Qc5 35. Bxd5+ Kh8 36. Rxe4 Qc8 37. Red4 Qc5 38. Qxg6 Qe7 39. Qg4 Rd7 40. h3 Rdd8 41. Bh4 Qc7 42. Bxd8 Qxd8 43. Qh5 Qf6 44. R1d2 g6 45. Qg4 Qe7 46. Re2 Qa3 47. Rxc4 Qc1+ 48. Kh2 Qa3 49. Qd4+ Rf6 50. Re8+ Kg7 51. Rc7+ Kh6 52. Qh4# 1-0

[Event "Windsor NAYCC U10 Girls"]
[Site "Windsor"]
[Date "2016.08.10"]
[Round "6.158"]
[White "Harris, Roxana"]
[Black "Shen, Isamel"]
[Result "1/2-1/2"]
[WhiteElo "1252"]
[BlackElo "1229"]
[PlyCount "125"]
[EventDate "2016.08.07"]
[EventType "swiss"]
[EventRounds "9"]
[EventCountry "CAN"]
[SourceTitle "EXT 2022"]
[Source "ChessBase"]
[SourceDate "2021.10.06"]
[SourceVersion "1"]
[SourceVersionDate "2021.10.06"]
[SourceQuality "1"]

1. e4 e5 2. Nf3 Nc6 3. Bb5 Nf6 4. 0-0 Be7 5. Re1 d6 6. c3 0-0 7. d3 Bg4 8. Nbd2 a6 9. Ba4 b5 10. Bb3 Na5 11. Bc2 c6 12. b4 Nb7 13. Nf1 Qc7 14. Bd2 d5 15. Ng3 Rfd8 16. h3 Bxf3 17. Qxf3 Rd7 18. Nf5 Bf8 19. Qg3 Kh8 20. Bg5 Nh5 21. Qg4 Nf4 22. Nh6 f6 23. Bxf6 Ng6 24. Qe6 Bd6 25. exd5 cxd5 26. Qxd5 gxf6 27. Bb3 Rc8 28. Ng8 Bf8 29. Qf3 Bg7 30. Nxf6 Rf8 31. Nd5 Rxf3 32. Nxc7 Rfxd3 33. Nxa6 Rxc3 34. Rac1 Rxc1 35. Rxc1 Bf8 36. Rc8 Rd8 37. Rc7 Nd6 38. Nc5 Rc8 39. Rd7 Nc4 40. Ne6 Bxb4 41. Ng5 h5 42. Bc2 Rc6 43. Be4 Ra6 44. Bf5 Ne7 45. Rd8+ Kg7 46. Ne6+ Rxe6 47. Bxe6 Kf6 48. Bd5 Nxd5 49. Rxd5 Na3 50. Kf1 Kf5 51. Ke2 Nb1 52. Kf3 Nd2+ 53. Ke2 Ne4 54. Kf1 Nc3 55. Rd2 Bc5 56. Rc2 Bd4 57. f3 h4 58. Rb2 Kf4 59. Rc2 Nd1 60. Rd2 Nc3 61. Rc2 e4 62. fxe4 Kxe4 63. Ke1 1/2-1/2

[Event "Windsor NAYCC U10 Girls"]
[Site "Windsor"]
[Date "2016.08.10"]
[Round "7.158"]
[White "Shen, Isamel"]
[Black "Zhang, Wendy"]
[Result "1-0"]
[WhiteElo "1229"]
[BlackElo "848"]
[PlyCount "139"]
[EventDate "2016.08.07"]
[EventType "swiss"]
[EventRounds "9"]
[EventCountry "CAN"]
[SourceTitle "EXT 2022"]
[Source "ChessBase"]
[SourceDate "2021.10.06"]
[SourceVersion "1"]
[SourceVersionDate "2021.10.06"]
[SourceQuality "1"]

1. e4 e5 2. Nf3 Nc6 3. Bb5 Bd6 4. d3 Nf6 5. 0-0 0-0 6. Nc3 a6 7. Ba4 b5 8. Bb3 Bc5 9. a3 d6 10. h3 h6 11. Be3 Ba7 12. Ne2 Be6 13. Ng3 Nh7 14. Qd2 Bxe3 15. fxe3 Qf6 16. Nd4 Qg6 17. Nxc6 Qxg3 18. Qf2 Qxf2+ 19. Rxf2 Bxb3 20. cxb3 Rfe8 21. Rc1 Ng5 22. Nb4 Ne6 23. Nd5 Rac8 24. a4 bxa4 25. bxa4 Nc5 26. Rc3 Nxa4 27. Rxc7 Rxc7 28. Nxc7 Rb8 29. Nxa6 Rxb2 30. Rxb2 Nxb2 31. d4 exd4 32. exd4 Kf8 33. Kf2 Ke7 34. Kf3 Ke6 35. h4 f5 36. Nc7+ Kf6 37. Ne8+ Kg6 38. exf5+ Kxf5 39. g4+ Kg6 40. Nxd6 Nd3 41. Ke3 Ne1 42. Ke4 Ng2 43. Nf5 Kf7 44. Ke5 g6 45. Nd6+ Ke7 46. h5 gxh5 47. gxh5 Nh4 48. Nf5+ Nxf5 49. Kxf5 Kf7 50. d5 Ke7 51. Kg6 Kd6 52. Kxh6 Kxd5 53. Kg7 Ke6 54. h6 Kf5 55. h7 Ke4 56. h8Q Kd4 57. Qh5 Ke4 58. Qc5 Kf4 59. Qd5 Ke3 60. Qc4 Kf3 61. Qd4 Kg3 62. Qe4 Kf2 63. Qd3 Kg2 64. Qe3 Kh1 65. Qe2 Kg1 66. Kg6 Kh1 67. Kg5 Kg1 68. Kg4 Kh1 69. Kg3 Kg1 70. Qe1# 1-0

[Event "CAN-ch U10 Girls"]
[Site "Windsor"]
[Date "2016.07.08"]
[Round "6.106"]
[White "Guo, Veronica"]
[Black "Shen, Isamel"]
[Result "0-1"]
[WhiteElo "933"]
[BlackElo "1242"]
[PlyCount "146"]
[EventDate "2016.07.05"]
[EventType "swiss"]
[EventRounds "7"]
[EventCountry "CAN"]
[SourceTitle "EXT 2022"]
[Source "ChessBase"]
[SourceDate "2021.10.06"]
[SourceVersion "1"]
[SourceVersionDate "2021.10.06"]
[SourceQuality "1"]

1. e4 e5 2. Nf3 Nc6 3. Bc4 Bc5 4. c3 Bb6 5. d3 Nf6 6. 0-0 h6 7. h3 0-0 8. Nbd2 d6 9. Bb3 Be6 10. Bc2 Ne7 11. Re1 Ng6 12. Nf1 Qd7 13. Ng3 Rad8 14. Be3 c6 15. d4 Rfe8 16. Qd2 Kh7 17. Rad1 Qc7 18. Qe2 Kg8 19. Nh2 Qc8 20. Nh5 Nxh5 21. Qxh5 Kh7 22. dxe5 dxe5 23. Rxd8 Rxd8 24. Ng4 Bxg4 25. hxg4 Bxe3 26. Rxe3 f6 27. g3 Qc7 28. Rd3 Rxd3 29. Bxd3 b5 30. Qf5 Qd6 31. Qf3 a6 32. b4 c5 33. c4 bxc4 34. Bxc4 cxb4 35. Qd3 Qxd3 36. Bxd3 a5 37. Bc4 Ne7 38. Kf1 g6 39. Ke1 Kg7 40. Kd2 Kf8 41. Kc2 Nc6 42. Kb3 Ke7 43. Ka4 Kd6 44. f4 Kc5 45. Bd5 Nd4 46. Bf7 g5 47. fxg5 fxg5 48. Kxa5 Ne2 49. Be6 Nxg3 50. Bf5 Kc4 51. Kb6 Kd4 52. Kc6 Nxe4 53. Kb5 Nc3+ 54. Kxb4 Nxa2+ 55. Kb5 Nc3+ 56. Kc6 e4 57. Bxe4 Nxe4 58. Kd7 Nf6+ 59. Ke6 Nxg4 60. Kf5 Ne3+ 61. Kg6 g4 62. Kxh6 g3 63. Kg6 g2 64. Kf6 g1Q 65. Ke6 Qg5 66. Kd6 Qd5+ 67. Kc7 Qe6 68. Kd8 Qf7 69. Kc8 Qe7 70. Kb8 Qd7 71. Ka8 Kc5 72. Kb8 Kc6 73. Ka8 Qb7# 0-1

[Event "CAN-ch U10 Girls"]
[Site "Windsor"]
[Date "2016.07.06"]
[Round "2.105"]
[White "Shen, Isamel"]
[Black "Lariviere, Wen Shi"]
[Result "1-0"]
[WhiteElo "1242"]
[BlackElo "523"]
[PlyCount "21"]
[EventDate "2016.07.05"]
[EventType "swiss"]
[EventRounds "7"]
[EventCountry "CAN"]
[SourceTitle "EXT 2022"]
[Source "ChessBase"]
[SourceDate "2021.10.06"]
[SourceVersion "1"]
[SourceVersionDate "2021.10.06"]
[SourceQuality "1"]

1. e4 e5 2. Nf3 d5 3. exd5 Qxd5 4. Nc3 Qc5 5. Be2 Qc6 6. Bb5 Nf6 7. Bxc6+ bxc6 8. Nxe5 Na6 9. Qe2 Nb4 10. Nxc6+ Be7 11. Qxe7# 1-0

[Event "CAN-ch U10 Girls"]
[Site "Windsor"]
[Date "2016.07.06"]
[Round "3.104"]
[White "Vo, Andy"]
[Black "Shen, Isamel"]
[Result "0-1"]
[WhiteElo "835"]
[BlackElo "1242"]
[PlyCount "58"]
[EventDate "2016.07.05"]
[EventType "swiss"]
[EventRounds "7"]
[EventCountry "CAN"]
[SourceTitle "EXT 2022"]
[Source "ChessBase"]
[SourceDate "2021.10.06"]
[SourceVersion "1"]
[SourceVersionDate "2021.10.06"]
[SourceQuality "1"]

1. e4 e5 2. Nf3 Nc6 3. Bc4 Bc5 4. Nc3 Nf6 5. 0-0 0-0 6. d3 h6 7. Be3 Bb6 8. Re1 d6 9. h3 Be6 10. Bb3 Qd7 11. Qd2 Rfe8 12. Nd5 Bxd5 13. exd5 Ne7 14. c4 a5 15. Bxb6 cxb6 16. a3 Rac8 17. Qd1 b5 18. Qd2 a4 19. Ba2 Nf5 20. b4 e4 21. Nh2 b6 22. d4 bxc4 23. g3 Nxd5 24. Bb1 c3 25. Qd1 e3 26. f3 Nxg3 27. h4 Qh3 28. Ra2 Nf4 29. b5 e2 0-1

[Event "Toronto NAYCC U08 Girls"]
[Site "Toronto"]
[Date "2013.08.14"]
[Round "1"]
[White "Shen, Isamel"]
[Black "Matus, Nastassja A"]
[Result "0-1"]
[WhiteElo "725"]
[BlackElo "1352"]
[PlyCount "56"]
[EventDate "2013.08.14"]
[EventType "swiss"]
[EventRounds "9"]
[EventCountry "CAN"]
[SourceTitle "EXT 2022"]
[Source "ChessBase"]
[SourceDate "2021.10.06"]
[SourceVersion "1"]
[SourceVersionDate "2021.10.06"]
[SourceQuality "1"]

1. e4 c5 2. Nf3 Nc6 3. Bb5 Qc7 4. Nc3 a6 5. Bxc6 bxc6 6. d3 e6 7. 0-0 Ne7 8. g3 Ng6 9. Qe2 Be7 10. Be3 0-0 11. Rae1 d5 12. Rd1 d4 13. Bd2 dxc3 14. Bxc3 Bb7 15. d4 cxd4 16. Rxd4 c5 17. Rc4 a5 18. Bd4 Ba6 19. Rc3 Bxe2 20. Re1 Bxf3 21. Rxf3 cxd4 22. Rd1 Qxc2 23. Rxd4 Qxb2 24. Ra4 Qc2 25. Rb3 Bb4 26. f3 Rad8 27. Re3 Rd1+ 28. Re1 Rxe1# 0-1